000 00514nam a2200217Ia 4500
008 170918s9999 xx 000 0 und d
020 _a9780545315852
050 _bH758 2010
100 _aHolub, Joan
245 _aAthena the brain /
245 _cJoan Holub and Suzanne Williams /
260 _aNew York :
260 _bScholastic,
260 _c2010
300 _a160 pages :
300 _bcolored illustration ;
300 _c19cm.
440 _aGoddess girls ;
440 _v1
500 _a710
999 _c342530
_d342530